| 000 | 00398nam a2200157Ia 4500 | ||
|---|---|---|---|
| 008 | 221030s9999 xx 000 0 und d | ||
| 020 | _a0074638106 | ||
| 041 | _aEnglish | ||
| 100 | _aC. H. Pappas | ||
| 245 | 0 |
_aVisual C++ 6 : The Complete Reference _cby C. H. Pappas, W. H. Murray |
|
| 260 |
_bTMH _aNew Delhi _c2012 |
||
| 300 | _a1015 | ||
| 650 | _aIT | ||
| 700 | _aW. H. Murray | ||
| 942 | _cBK | ||
| 999 |
_c15689 _d15689 |
||